| 000 | 00951cam a2200157ua 4500 | ||
|---|---|---|---|
| 041 |
_aeng _h |
||
| 082 |
_a631.356 _bIND/TE |
||
| 110 | 1 |
_aIndian Standards Institution . _b _c(New Delhi ) |
|
| 245 |
_aTest code for ground nut digger, animal-drawn, IS 11235-1985 / _cIndian Standards Institution. _hTextual Documents |
||
| 250 |
_a1 / _b. |
||
| 260 |
_aNew Delhi : _bIndian Standards Institution , _c1985. |
||
| 300 | _a15 ; . | ||
| 504 | _a | ||
| 942 | _cBK | ||
| 999 |
_c7745 _d7745 |
||